Anime Charcters - Statistics

General Stats
  • This quiz has been taken 415 times
  • The average score is 7 of 15
Answer Stats
Hint Answer % Correct
Swears to kill all Titans to avenge Mother Eren Yeager
86%
Sasuka, Naruto and Sakura's Shinobi Teacher Kakashi Hatake
73%
Trapped his brother's soul to a large suit of armor Edward Elric
70%
Shinigami who dropped a "Notebook" into the Human World Ryuk
70%
Demon that made a contract with Ceil Phantomhive Sebastian Michaelis
68%
Offered and takes the mythical power of Geass Lelouch Lamperouge
63%
Publicly known as the powerful mage "The Salamander." Natsu Dragneel
52%
Things that are not symmetrical distract him from missions Death the Kid
49%
Cross-dresses as a Host to pay off 8 million yen debt Haruhi Fujioka
43%
Teaches his Demon brother at an Exorcist School Yukio Okumura
43%
Phantom sixth member of the "Generation of Miracles." Tetsuya Kuroko
33%
"Samurai" who does odd jobs to pay rent Gintoki Sakata
31%
Chihiro's first friend in a Spirit World Kohaku
24%
Traveling Mushi Master Ginko
16%
Fairy Doctor that is helping Edgar "Earl of the Blue Knights" Lydia Carton
5%
No matching quizzes found
Score Distribution
Percent of People with Each Score
Percentile by Number Answered
Your Score History
You have not taken this quiz